Statistics for US Urban Areas > 2 Million

Click here to take the quiz!

General Stats

  • This quiz has been taken 33 times
  • The average score is 18 of 20

Answer Stats

HintAnswer% Correct
4,515,419Atlanta
100%
4,181,019Boston
100%
8,608,208Chicago
100%
4,944,332Houston
100%
12,150,996Los Angeles
100%
18,351,295New York
100%
3,281,212San Francisco
100%
5,121,892Dallas
96%
3,734,090Detroit
96%
2,374,203Denver
92%
5,502,379Miami
92%
5,441,567Philadelphia
92%
3,629,114Phoenix
92%
2,956,746 San Diego
92%
4,586,770Washington
88%
2,203,663Baltimore
84%
3,059,393Seattle
84%
2,650,890Minneapolis
80%
2,441,770Tampa
80%
2,150,706St. Louis
68%

Score Distribution

Percentile by Number Answered

Percent of People with Each Score

Your Score History

You have not taken this quiz